000 00345nam a2200145Ia 4500
003 GCL
008 140319s9999 xx 000 0 eng d
040 _aGCL /
_cGCL
082 0 4 _aCH
_b372.216
100 1 _aFOREBEL-KAN CO.
245 1 0 _aWORDS /
_cFOREBEL-KAN CO.
260 _a[S.N] :
_bFROEBEL- KAN CO
650 0 4 _aCOUNTING
942 _2ddc
_cBK
999 _c17856
_d17856